Collected seminar papers on the changing role of Commonwealth economic connections, October 1967 - March 1968.

Saved in:
Bibliografiske detaljer
Institution som forfatter: University of London. Institute of Commonwealth Studies
Format: Bog
Sprog:English
Udgivet: London, University of London (Institute of Commonwealth Studies) [1971]
Serier:Collected seminar papers (University of London. Institute of Commonwealth Studies) ; no. 8.
Fag:
LEADER 01294nam a2200313 4500
001 c000136121
003 CARM
005 00000000000000.0
008 711217s1971 enk bs 10000 eng
015 |a B71-06706 
019 1 |a 163747  |5 LACONCORD2021 
020 |a 0902499041 
035 |a (OCoLC)235746  |5 LACONCORD2021 
043 |a b------ 
050 0 0 |a HC259  |b .L6 
082 0 0 |a 382.1/09171/242 
110 2 0 |a University of London.  |b Institute of Commonwealth Studies. 
245 1 0 |a Collected seminar papers on the changing role of Commonwealth economic connections, October 1967 - March 1968. 
260 |a London,  |b University of London (Institute of Commonwealth Studies)  |c [1971] 
300 |a [5], 110 p.  |c 30 cm. 
490 1 |a Collected seminar papers  |v no. 8 
500 |a Cover title. 
504 |a Includes bibliographies. 
651 0 |a Commonwealth countries  |x Economic policy. 
651 0 |a Commonwealth countries  |x Commercial policy. 
830 0 |a Collected seminar papers (University of London. Institute of Commonwealth Studies) ;  |v no. 8. 
852 8 |b CARM  |h A2:AF36D0  |i D01170  |p 0067443  |f BK 
999 f f |i ad6354a7-04e9-5bf6-9b5c-0a8776550b55  |s cad737fb-b30b-5697-bf0d-bcad391386e9 
952 f f |p Can circulate  |a CAVAL  |b CAVAL  |c CAVAL  |d CARM 1 Store  |e D01170  |f A2:AF36D0  |h Other scheme  |i book  |m 0067443